000
00298nam a2200109Ia 4500
008
220204s9999 xx 000 0 und d
082
_a
57.086.15
_b
RUZ
100
_a
Ruzin, Steven E
245
0
_a
Plant microtechnique and microscopy
260
_a
New York
_b
Oxford University Press
_c
1999
942
_c
BK
999
_c
41798
_d
41798